[Event "Barbera op"]
[Site "Barbera del Valles"]
[Date "2013.07.04"]
[Round "1"]
[White "Saez Coma, A."]
[Black "Perez Mañas, B."]
[Result "1/2-1/2"]
[WhiteElo "2025"]
[BlackElo "2307"]
[PlyCount "114"]
[EventDate "2013.??.??"]
[EventType "swiss"]
[EventRounds "9"]

1. d4 f5 2. h3 d5 3. Bf4 Nf6 4. e3 c6 5. Nf3 e6 6. Be2 Bd6 7. Ne5 O-O 8. O-O
Qe7 9. Nd2 Bd7 10. c4 Be8 11. c5 Bc7 12. b4 h6 13. Bh2 Nbd7 14. Nxd7 Bxh2+ 15.
Kxh2 Nxd7 16. f4 Nf6 17. a4 a6 18. a5 Bg6 19. Nf3 Bh5 20. Ne5 Bxe2 21. Qxe2 Kh7
22. Rg1 g5 23. g3 Rg8 24. Rg2 Rg7 25. Rag1 Rh8 26. h4 Kg8 27. Qe1 Kf8 28. Kh1
Rhg8 29. Kh2 Ke8 30. Kh1 Kd8 31. Kh2 Nd7 32. Nxd7 Kxd7 33. Qf2 Qf7 34. Qf3 Ke7
35. Qe2 Rg6 36. Qd3 Qg7 37. Qe2 gxh4 38. gxh4 Rg4 39. Rxg4 fxg4 40. Kg3 Qg6 41.
Rf1 Qf5 42. Qd2 h5 43. Qe2 Rf8 44. Qd2 Kd7 45. Qe2 Qe4 46. Qd2 Kc8 47. Qe2 Kb8
48. Qd2 Ka7 49. Qc3 Kb8 50. Qd2 Kc7 51. Qc3 Kd7 52. Qd2 Kc7 53. Qc3 Rf5 54. Qd2
Rf7 55. Qc3 Rf8 56. Qd2 Rd8 57. Qe2 Rf8 1/2-1/2

[Event "Barbera op"]
[Site "Barbera del Valles"]
[Date "2013.07.04"]
[Round "1"]
[White "Sanchez Dengra, JM."]
[Black "Gagare, S."]
[Result "0-1"]
[WhiteElo "2134"]
[BlackElo "2419"]
[PlyCount "76"]
[EventDate "2013.??.??"]
[EventType "swiss"]
[EventRounds "9"]

1. e4 c5 2. Nf3 d6 3. d4 cxd4 4. Nxd4 Nf6 5. Nc3 g6 6. Be3 Bg7 7. Bc4 Nc6 8. f3
Qb6 9. Nf5 Qxb2 10. Nxg7+ Kf8 11. Nd5 Nxd5 12. Qxd5 Qxa1+ 13. Ke2 Qxg7 14. Bh6
Be6 15. Bxg7+ Kxg7 16. Qd3 Ne5 17. Qd4 Bxc4+ 18. Kd2 g5 19. h4 h6 20. Rb1 b6
21. a4 f6 22. Ke1 Be6 23. Kf2 Rac8 24. Qd2 Rc4 25. Rb4 Rxb4 26. Qxb4 Rc8 27.
Qd2 Rc4 28. hxg5 hxg5 29. a5 bxa5 30. Qxa5 Rxc2+ 31. Kg3 Ng6 32. Qxa7 Kf7 33.
f4 Nxf4 34. Kf3 Rxg2 35. Qa8 Rh2 36. Qb8 Rh3+ 37. Kf2 g4 38. e5 g3+ 0-1

[Event "Barbera op"]
[Site "Barbera del Valles"]
[Date "2013.07.04"]
[Round "1"]
[White "Sanchez Guirado, F."]
[Black "Jaramillo Ochoa, M."]
[Result "1-0"]
[WhiteElo "2339"]
[BlackElo "2074"]
[PlyCount "79"]
[EventDate "2013.??.??"]
[EventType "swiss"]
[EventRounds "9"]

1. d4 d5 2. Nf3 Nf6 3. e3 e6 4. Bd3 c5 5. c3 Nc6 6. O-O Bd6 7. Nbd2 O-O 8. dxc5
Bxc5 9. e4 dxe4 10. Nxe4 Nxe4 11. Bxe4 Qxd1 12. Rxd1 f6 13. Be3 Bxe3 14. fxe3
Rb8 15. Rd6 Ne7 16. Rad1 e5 17. Bc2 g6 18. e4 Kg7 19. h3 b6 20. Bb3 Rb7 21. Nh2
Rc7 22. Ng4 Bb7 23. Rd7 Rfc8 24. Be6 h5 25. Ne3 Kf8 26. R7d6 Re8 27. Bb3 Kg7
28. Rd7 Rec8 29. Be6 Kf8 30. Rd8+ Rxd8 31. Rxd8+ Kg7 32. Nd5 Nxd5 33. exd5 Re7
34. Rg8+ Kh7 35. Rb8 f5 36. d6 Rxe6 37. d7 Rd6 38. d8=Q Rxd8 39. Rxd8 Bc6 40.
Rd6 1-0

[Event "Barbera op"]
[Site "Barbera del Valles"]
[Date "2013.07.04"]
[Round "1"]
[White "Saptarshi, R."]
[Black "Iagar, RG."]
[Result "1-0"]
[WhiteElo "2447"]
[BlackElo "2190"]
[PlyCount "53"]
[EventDate "2013.??.??"]
[EventType "swiss"]
[EventRounds "9"]

1. e4 e6 2. d4 d5 3. Nc3 Nf6 4. Bg5 Be7 5. Bxf6 Bxf6 6. Nf3 O-O 7. Bd3 dxe4 8.
Nxe4 Bxd4 9. c3 Bf6 10. Qc2 g6 11. O-O-O Qe7 12. h4 Nd7 13. h5 Ne5 14. Nxe5
Bxe5 15. hxg6 hxg6 16. g3 f5 17. f4 Bf6 18. Nxf6+ Qxf6 19. Rh6 b6 20. Bc4 Rf7
21. g4 Rg7 22. gxf5 b5 23. Bb3 a5 24. Qe4 Rb8 25. Qc6 Qe7 26. f6 Qf8 27. Rdh1
1-0

[Event "Barbera op"]
[Site "Barbera del Valles"]
[Date "2013.07.04"]
[Round "1"]
[White "Smith, T."]
[Black "Satyapragyan, S."]
[Result "0-1"]
[WhiteElo "2193"]
[BlackElo "2464"]
[PlyCount "60"]
[EventDate "2013.??.??"]
[EventType "swiss"]
[EventRounds "9"]

1. e4 c5 2. Nf3 e6 3. d4 cxd4 4. Nxd4 Nf6 5. Nc3 d6 6. Be3 a6 7. f3 b5 8. Qd2
Nbd7 9. g4 Nb6 10. g5 Nfd7 11. O-O-O Bb7 12. Qf2 Rc8 13. Bd3 Rxc3 14. bxc3 Qc7
15. Bxb5 axb5 16. Nxb5 Qc4 17. Bxb6 Qxb5 18. Bd4 Be7 19. h4 O-O 20. Kd2 e5 21.
Rb1 Qc6 22. Be3 Rc8 23. Rb3 Ba6 24. Ra1 Bc4 25. Rbb1 d5 26. a4 Ba6 27. exd5
Qxc3+ 28. Kd1 Qc4 29. Kc1 Nc5 30. Qd2 Nb3+ 0-1

[Event "Barbera op"]
[Site "Barbera del Valles"]
[Date "2013.07.04"]
[Round "1"]
[White "Valdes Romero, L."]
[Black "Molina Morena, A."]
[Result "1-0"]
[WhiteElo "2444"]
[BlackElo "2174"]
[PlyCount "97"]
[EventDate "2013.??.??"]
[EventType "swiss"]
[EventRounds "9"]

1. Nf3 Nf6 2. c4 c5 3. Nc3 g6 4. g3 b6 5. Bg2 Bb7 6. O-O Bg7 7. d4 cxd4 8. Qxd4
O-O 9. Qh4 d6 10. Rd1 Nbd7 11. Be3 Rc8 12. Rac1 Qc7 13. b3 Rfe8 14. g4 Nc5 15.
g5 Nfe4 16. Nxe4 Nxe4 17. Bd4 d5 18. Bxg7 Kxg7 19. Nd4 Nd6 20. Bxd5 Bxd5 21.
cxd5 Qxc1 22. Rxc1 Rxc1+ 23. Kg2 Rd1 24. Qf4 a6 25. e4 Re1 26. f3 Kg8 27. Qd2
Ra1 28. Qb2 Rd1 29. Nc6 b5 30. h4 Nc8 31. Ne5 h5 32. gxh6 f6 33. Ng4 Kh7 34.
Qc2 Ra1 35. h5 Rg8 36. hxg6+ Kxg6 37. Kg3 Rh1 38. Kf4 Rh5 39. Qc7 f5 40. Ne5+
Kxh6 41. Qd7 Rh4+ 42. Ke3 fxe4 43. Qe6+ Kg7 44. Qf5 Kh6 45. Qf7 Rg7 46. Qe6+
Kh7 47. Qf5+ Kh6 48. Qxc8 exf3 49. Qh8+ 1-0

[Event "Barbera op"]
[Site "Barbera del Valles"]
[Date "2013.07.04"]
[Round "1"]
[White "Van Riemsdijk, HC."]
[Black "Campos Cayuelas, M."]
[Result "1-0"]
[WhiteElo "2367"]
[BlackElo "2106"]
[PlyCount "147"]
[EventDate "2013.??.??"]
[EventType "swiss"]
[EventRounds "9"]

1. e4 c5 2. Nf3 d6 3. d4 cxd4 4. Nxd4 Nf6 5. Nc3 g6 6. Be3 Bg7 7. f3 O-O 8. Qd2
Nc6 9. O-O-O d5 10. exd5 Nxd5 11. Nxc6 bxc6 12. Bd4 e5 13. Bc5 Be6 14. Ne4 Re8
15. h4 h5 16. Bc4 Nf4 17. Qc3 Bxc4 18. Qxc4 Qc7 19. g3 Ne6 20. Bd6 Qb6 21. Rd3
Red8 22. Rhd1 Qb5 23. Qxb5 cxb5 24. c3 Rd7 25. Bb4 Rxd3 26. Rxd3 Rd8 27. Rxd8+
Nxd8 28. Nd6 a6 29. Ne8 Bh6+ 30. Kd1 Be3 31. Ke2 Bb6 32. Bd6 Nc6 33. Nf6+ Kg7
34. Nd7 Ba7 35. Nxe5 Nxe5 36. Bxe5+ f6 37. Bf4 Kf7 38. Kd3 Ke6 39. Ke4 Bf2 40.
b3 g5 41. hxg5 fxg5 42. Bxg5 Bxg3 43. f4 Be1 44. f5+ Kd6 45. Bf4+ Ke7 46. Be5
h4 47. Kf3 h3 48. Kg4 h2 49. Bxh2 Bxc3 50. Kf4 a5 51. Ke4 a4 52. Be5 Bb4 53.
Kd5 axb3 54. axb3 Be1 55. Kc5 b4 56. Kd5 Kf7 57. Ke4 Ke7 58. Bf4 Kf6 59. Be3
Kf7 60. Bg5 Bc3 61. Kd3 Be5 62. Kc4 Bc3 63. Bd8 Be1 64. Ba5 Kf6 65. Bxb4 Bg3
66. Bc3+ Kxf5 67. Kd5 Bb8 68. b4 Kg6 69. Be5 Ba7 70. Bd4 Bb8 71. Kc6 Kf7 72.
Kd7 Bg3 73. b5 Bb8 74. b6 1-0

[Event "Barbera op"]
[Site "Barbera del Valles"]
[Date "2013.07.04"]
[Round "1"]
[White "Vehi Bach, VM."]
[Black "Ventura Bolet, M."]
[Result "1-0"]
[WhiteElo "2308"]
[BlackElo "2045"]
[PlyCount "59"]
[EventDate "2013.??.??"]
[EventType "swiss"]
[EventRounds "9"]

1. e4 c5 2. Nf3 e6 3. d4 cxd4 4. Nxd4 a6 5. Be3 Bc5 6. Nb3 Ba7 7. Nc3 Nc6 8.
Qd2 d6 9. Bd3 Nf6 10. f4 O-O 11. O-O-O e5 12. Bxa7 Rxa7 13. f5 b5 14. g4 Nd4
15. Nxd4 exd4 16. Qf2 Nxg4 17. Qxd4 Rd7 18. Nd5 Bb7 19. Rhg1 Ne5 20. f6 g6 21.
Ne7+ Rxe7 22. fxe7 Qxe7 23. Be2 Rd8 24. Rd2 Nc6 25. Qb6 Rb8 26. Rf1 Qe6 27. Kb1
Nb4 28. b3 Qxe4 29. Qxd6 Rc8 30. Bf3 1-0

[Event "Barbera op"]
[Site "Barbera del Valles"]
[Date "2013.07.04"]
[Round "1"]
[White "Yakushev, V."]
[Black "Sequera Paolini, J."]
[Result "0-1"]
[WhiteElo "2111"]
[BlackElo "2394"]
[PlyCount "70"]
[EventDate "2013.??.??"]
[EventType "swiss"]
[EventRounds "9"]

1. Nf3 e6 2. g3 d5 3. Bg2 c6 4. d4 f5 5. O-O Bd6 6. c4 Nf6 7. Nc3 O-O 8. cxd5
exd5 9. Ne5 Nbd7 10. Bf4 Qe7 11. Nxd7 Bxd7 12. e3 Ne4 13. Bxd6 Nxd6 14. Qb3 Kh8
15. Rae1 Rae8 16. Qa3 g5 17. f4 g4 18. b3 Rf6 19. Bxd5 cxd5 20. Nxd5 Qf8 21.
Nxf6 Qxf6 22. Qxa7 Bc6 23. d5 Bb5 24. Qd4 Qxd4 25. exd4 Bxf1 26. Rxe8+ Nxe8 27.
Kxf1 Kg7 28. Ke2 Kf7 29. Kd3 Ke7 30. a4 Kd6 31. Kc4 Nc7 32. a5 Nxd5 33. Kb5 h5
34. b4 Nxf4 35. Kb6 Nd5+ 0-1

[Event "Barbera op"]
[Site "Barbera del Valles"]
[Date "2013.07.05"]
[Round "2"]
[White "Aloma Vidal, R."]
[Black "Varela La Madrid, M."]
[Result "1-0"]
[WhiteElo "2421"]
[BlackElo "1927"]
[PlyCount "119"]
[EventDate "2013.??.??"]
[EventType "swiss"]
[EventRounds "9"]

1. d4 Nf6 2. c4 g6 3. Nc3 d5 4. Bg5 Bg7 5. Nf3 Ne4 6. Bf4 c6 7. e3 O-O 8. Bd3
Bf5 9. O-O h6 10. Qc2 g5 11. Bg3 Nxg3 12. hxg3 Bxd3 13. Qxd3 e6 14. Rfd1 Qe7
15. e4 dxc4 16. Qxc4 Nd7 17. e5 c5 18. d5 Nxe5 19. Nxe5 Bxe5 20. dxe6 fxe6 21.
Rd2 Bd4 22. Re1 Rae8 23. Nb5 Bg7 24. Nd6 Bd4 25. Nxe8 Rxe8 26. Qe2 Qf7 27. Rd3
e5 28. Rf3 Qxa2 29. Qe4 Qe6 30. Qxb7 g4 31. Ra3 Rf8 32. Re2 Rf7 33. Qa8+ Rf8
34. Qb7 Rf7 35. Qe4 h5 36. Qd3 Qf6 37. Ra6 Qf5 38. Qxf5 Rxf5 39. Rxa7 Rf6 40.
Kf1 Rb6 41. Ra2 Kf7 42. Ke1 Rf6 43. Rc2 Kg6 44. Ra8 Rd6 45. Rc8 Kf5 46. Ke2 Rf6
47. f3 gxf3+ 48. gxf3 e4 49. R2xc5+ Kg6 50. fxe4 Rf2+ 51. Kd3 Bxc5 52. Rxc5
Rxb2 53. Ke3 Rb1 54. Rf5 Re1+ 55. Kf4 Ra1 56. Rc5 Kh6 57. Rc8 Kh7 58. Rd8 Kg6
59. Rd6+ Kh7 60. e5 {Il.legible, ...110} 1-0

[Event "Barbera op"]
[Site "Barbera del Valles"]
[Date "2013.07.05"]
[Round "2"]
[White "Alonso Moyano, J."]
[Black "Ortiz Suarez, IR."]
[Result "0-1"]
[WhiteElo "2420"]
[BlackElo "2612"]
[PlyCount "86"]
[EventDate "2013.??.??"]
[EventType "swiss"]
[EventRounds "9"]

1. e4 c5 2. Nf3 d6 3. d4 cxd4 4. Nxd4 Nf6 5. Nc3 a6 6. Bg5 Nbd7 7. Qe2 h6 8.
Bh4 g6 9. O-O-O e5 10. Nb3 Qc7 11. f3 b5 12. a3 Bb7 13. Kb1 Rc8 14. Qd2 Be7 15.
Bxb5 axb5 16. Nxb5 Qc4 17. Bxf6 Nxf6 18. Nxd6+ Bxd6 19. Qxd6 Qxc2+ 20. Ka2 Qc6
21. Qb4 Qc7 22. Rd6 Qe7 23. Qb6 O-O 24. Rxf6 Rfd8 25. Na5 Rb8 26. Nxb7 Rxb7 27.
Qa6 Ra7 28. Qb6 Rb7 29. Qa6 Ra7 30. Qb6 Rd2 31. Qb3 Rxa3+ 32. Qxa3 Qxf6 33. Rg1
Qb6 34. Qc3 Qa7+ 35. Kb3 Qb6+ 36. Ka2 Qa7+ 37. Kb3 Rd4 38. Qc6 Rd7 39. Ra1 Rb7+
40. Kc2 Qf2+ 41. Kd1 Rxb2 42. Qe8+ Kg7 43. Qxe5+ Kh7 0-1

[Event "Barbera op"]
[Site "Barbera del Valles"]
[Date "2013.07.05"]
[Round "2"]
[White "Amores Gago, J."]
[Black "Escobar Forero, A."]
[Result "0-1"]
[WhiteElo "2167"]
[BlackElo "2466"]
[PlyCount "56"]
[EventDate "2013.??.??"]
[EventType "swiss"]
[EventRounds "9"]

1. e4 c5 2. Nc3 a6 3. g4 b5 4. Bg2 Bb7 5. d3 e6 6. Nh3 b4 7. Ne2 d5 8. O-O dxe4
9. dxe4 Qxd1 10. Rxd1 Nf6 11. f3 Nc6 12. Be3 Be7 13. Nhf4 Nd7 14. Rd2 Nce5 15.
b3 g5 16. Nd3 h5 17. gxh5 Rxh5 18. Nxe5 Nxe5 19. c4 a5 20. a4 bxa3 21. Rxa3 a4
22. Rda2 O-O-O 23. Rxa4 Rd3 24. Kf2 Rxh2 25. Nc1 Rxg2+ 26. Kxg2 Rxe3 27. Rf2
Nxf3 28. Re2 Rc3 0-1

[Event "Barbera op"]
[Site "Barbera del Valles"]
[Date "2013.07.05"]
[Round "2"]
[White "Asis Gargatagli, H."]
[Black "Sanchez Guirado, F."]
[Result "1-0"]
[WhiteElo "2487"]
[BlackElo "2339"]
[PlyCount "131"]
[EventDate "2013.??.??"]
[EventType "swiss"]
[EventRounds "9"]

1. e4 c6 2. d4 d5 3. e5 Bf5 4. Nf3 e6 5. Be2 Ne7 6. O-O h6 7. Nbd2 Bh7 8. Nb3
Nd7 9. Bd2 Nf5 10. Rc1 Be7 11. c4 O-O 12. cxd5 cxd5 13. Na5 Rb8 14. Qa4 Bg6 15.
h3 Re8 16. Bb5 Nb6 17. Qb3 Rf8 18. Rfe1 Nh4 19. Nxh4 Bxh4 20. Bb4 Be7 21. Bf1
Qd7 22. Bc5 Rfc8 23. Qb4 Bg5 24. Bb5 Qd8 25. Rcd1 Bc2 26. Ra1 Rc7 27. Bd6 Be7
28. Bxc7 Bxb4 29. Bxd8 Bxe1 30. Rxe1 Rxd8 31. Nxb7 Rb8 32. Nd6 Ba4 33. Bd3 Nc8
34. Nxc8 Rxc8 35. f4 Rb8 36. Rc1 g5 37. fxg5 hxg5 38. b3 Be8 39. Rc5 Kg7 40.
Kf2 Rb4 41. Ke3 f5 42. exf6+ Kxf6 43. Rc8 Bg6 44. Rf8+ Kg7 45. Ra8 Rb7 46. Bxg6
Kxg6 47. Rg8+ Kf6 48. Kd3 Rb6 49. Rf8+ Kg6 50. Rf2 a5 51. Kc3 Rc6+ 52. Kb2 a4
53. g4 axb3 54. axb3 Rb6 55. Rf3 Rb8 56. Ka3 Ra8+ 57. Kb4 Ra1 58. Kc5 Rc1+ 59.
Kd6 Rd1 60. Kxe6 Rxd4 61. Ke5 Rd1 62. b4 Rb1 63. Rf6+ Kg7 64. Rb6 Rb3 65. Kxd5
Rxh3 66. Re6 1-0

[Event "Barbera op"]
[Site "Barbera del Valles"]
[Date "2013.07.05"]
[Round "2"]
[White "Basencyan, M."]
[Black "Larsen, K."]
[Result "1-0"]
[WhiteElo "2130"]
[BlackElo "2270"]
[PlyCount "121"]
[EventDate "2013.??.??"]
[EventType "swiss"]
[EventRounds "9"]

1. d4 Nf6 2. c4 e6 3. Nc3 d5 4. Nf3 Bb4 5. cxd5 exd5 6. Bg5 c5 7. dxc5 Nbd7 8.
Rc1 Qa5 9. a3 Bxc3+ 10. Rxc3 Ne4 11. Bd2 Nxc3 12. Bxc3 Qxc5 13. Bxg7 Rg8 14.
Bd4 Qd6 15. g3 Nc5 16. Bg2 Bd7 17. O-O f6 18. Qc2 Ne4 19. Qb3 b6 20. Be3 Rd8
21. Nd4 Rg7 22. Bh6 Re7 23. Bf3 Kf7 24. Rc1 Rc8 25. Rxc8 Bxc8 26. Nb5 Qd7 27.
Nc3 Nxc3 28. bxc3 Bb7 29. Qb4 Re4 30. Qf8+ Ke6 31. Bf4 Rxf4 32. gxf4 Qe7 33.
f5+ Kd7 34. Qb8 Kc6 35. c4 Kc5 36. cxd5 Bxd5 37. Qc8+ Kd6 38. Qb8+ Kc5 39. Qf4
Qg7+ 40. Kf1 Bxf3 41. Qxf3 a5 42. Qc3+ Kd6 43. Qd4+ Kc6 44. Qc4+ Kb7 45. Qd5+
Kc7 46. a4 Qh6 47. Qf7+ Kb8 48. Qd7 Qc1+ 49. Kg2 Qg5+ 50. Kf3 Qh5+ 51. Ke3 Qh3+
52. f3 Qh4 53. Qd4 Qxh2 54. Qxb6+ Kc8 55. Qxf6 Qg1+ 56. Kd2 Qb1 57. Qh8+ Kc7
58. Qxh7+ Kc6 59. Qh6+ Kc5 60. Qe3+ Kc6 61. Qe4+ 1-0

[Event "Barbera op"]
[Site "Barbera del Valles"]
[Date "2013.07.05"]
[Round "2"]
[White "Campos Cayuelas, M."]
[Black "Avila Jimenez, X."]
[Result "1-0"]
[WhiteElo "2106"]
[BlackElo "2242"]
[PlyCount "67"]
[EventDate "2013.??.??"]
[EventType "swiss"]
[EventRounds "9"]

1. e4 c6 2. c4 d5 3. exd5 cxd5 4. cxd5 Nf6 5. Nc3 g6 6. Bb5+ Bd7 7. Qb3 Bg7 8.
Nf3 O-O 9. O-O Bf5 10. Re1 a6 11. Bf1 b6 12. d4 Bc8 13. Bg5 Bb7 14. Bxf6 Bxf6
15. Ne5 Bg5 16. Rad1 Ra7 17. Be2 b5 18. Bf3 Qb6 19. a4 b4 20. Nc4 Qd8 21. Qxb4
Nd7 22. Na5 Qb6 23. Qxb6 Nxb6 24. Nc6 Bxc6 25. dxc6 Nc4 26. Ne4 Bf4 27. g3 Bc7
28. b3 Na5 29. Nc5 Bd6 30. Nb7 Nxb3 31. Rd3 Na5 32. Nxa5 Bb4 33. Re5 f6 34. Rc5
1-0

[Event "Barbera op"]
[Site "Barbera del Valles"]
[Date "2013.07.05"]
[Round "2"]
[White "Castells Briones, M."]
[Black "Prasca Sosa, R."]
[Result "0-1"]
[WhiteElo "1959"]
[BlackElo "2426"]
[PlyCount "124"]
[EventDate "2013.??.??"]
[EventType "swiss"]
[EventRounds "9"]

1. d4 d5 2. Nf3 c6 3. c4 Nf6 4. Nc3 g6 5. g3 Bg7 6. Bg2 dxc4 7. Ne5 Ng4 8. f4
Nxe5 9. fxe5 O-O 10. O-O Na6 11. Be3 Nb4 12. Qd2 Nd5 13. Bh6 f5 14. Rf2 Be6 15.
Raf1 Qd7 16. h4 Nc7 17. h5 Bf7 18. Bxg7 Kxg7 19. e4 fxe4 20. Rf4 Nd5 21. Rxe4
Nxc3 22. bxc3 Bd5 23. Ref4 Qe6 24. h6+ Kg8 25. g4 Bxg2 26. Kxg2 b5 27. Qf2 Rxf4
28. Qxf4 a5 29. a3 Rc8 30. Kg3 Rd8 31. Kh4 Qd5 32. Qf2 Ra8 33. Qf4 Rd8 34. Qf2
Re8 35. Qf4 Qe6 36. Qf3 g5+ 37. Kg3 Qg6 38. Kg2 Rd8 39. Rf2 Re8 40. Qf5 Rd8 41.
e6 Qxf5 42. gxf5 Rf8 43. Kg3 Rf6 44. Rh2 Rxf5 45. Kg4 Rf6 46. Kxg5 Rxe6 47. Kf5
Kf7 48. Rh3 Rd6 49. Ke5 Rd5+ 50. Ke4 Kg6 51. Kf4 Rh5 52. Re3 Kf7 53. Ke4 Rxh6
54. Rg3 Re6+ 55. Kf5 Rf6+ 56. Ke5 h5 57. d5 c5 58. Rg1 b4 59. axb4 axb4 60.
cxb4 cxb4 61. Kd4 Rf4+ 62. Kc5 c3 0-1

[Event "Barbera op"]
[Site "Barbera del Valles"]
[Date "2013.07.05"]
[Round "2"]
[White "Cruz Lledo, P."]
[Black "Jareño Badenas, A."]
[Result "1-0"]
[WhiteElo "2258"]
[BlackElo "2114"]
[PlyCount "93"]
[EventDate "2013.??.??"]
[EventType "swiss"]
[EventRounds "9"]

1. d4 Nf6 2. c4 g6 3. Nc3 Bg7 4. e4 d6 5. g3 O-O 6. Bg2 Nbd7 7. Nge2 e5 8. O-O
exd4 9. Nxd4 Re8 10. b3 a6 11. Bb2 Rb8 12. Qd2 c5 13. Nc2 b5 14. cxb5 axb5 15.
Rfe1 Qa5 16. Qxd6 b4 17. Nd5 Re6 18. Qc7 Qxc7 19. Nxc7 Re7 20. e5 Ng4 21. f4
Nb6 22. Nd5 Nxd5 23. Bxd5 Nh6 24. Ne3 Nf5 25. a4 bxa3 26. Bxa3 Nxe3 27. Rxe3
Rc7 28. Rc1 Bf8 29. Bb2 Be6 30. Bxe6 fxe6 31. Rec3 Rcb7 32. Ba3 Rxb3 33. Rxb3
Rxb3 34. Bxc5 Bxc5+ 35. Rxc5 Rb7 36. Kg2 Kf7 37. Kh3 h5 38. Kh4 Kg7 39. Kg5 Rf7
40. Rc6 Rf5+ 41. Kh4 Kf7 42. Rc7+ Kf8 43. Ra7 g5+ 44. fxg5 Rxe5 45. Kxh5 Re2
46. h4 e5 47. g6 1-0

[Event "Barbera op"]
[Site "Barbera del Valles"]
[Date "2013.07.05"]
[Round "2"]
[White "Fluvia Poyatos, Jordi"]
[Black "Ruiz Aguilar, PA."]
[Result "1/2-1/2"]
[WhiteElo "2445"]
[BlackElo "2307"]
[PlyCount "129"]
[EventDate "2013.??.??"]
[EventType "swiss"]
[EventRounds "9"]

1. e4 c5 2. Nf3 Nc6 3. d4 cxd4 4. Nxd4 Nf6 5. Nc3 e6 6. Ndb5 Bb4 7. a3 Bxc3+ 8.
Nxc3 d5 9. exd5 exd5 10. Bd3 O-O 11. O-O d4 12. Ne2 Re8 13. b4 Bg4 14. Qd2 Bxe2
15. Bxe2 Ne4 16. Qf4 Nc3 17. Bd3 Ne5 18. Qg3 Nxd3 19. Qxd3 Rc8 20. Bb2 Re5 21.
Rfe1 Qe7 22. Kf1 Qd6 23. g3 Qd5 24. Kg1 h5 25. h4 Rf5 26. Re7 Rf3 27. Qd2 Rc6
28. Rae1 Re6 29. R1xe6 fxe6 30. Bxc3 Rxc3 31. Qf4 Rf3 32. Qc7 Qe4 33. Qc8+ Kh7
34. Rxe6 Qg4 35. Re8 Qxc8 36. Rxc8 Rxa3 37. Rc5 Kg6 38. Rg5+ Kh6 39. Ra5 Rc3
40. Rxa7 Rxc2 41. Rxb7 d3 42. Rd7 d2 43. Kg2 Rb2 44. Kf3 Rxb4 45. Rxd2 Kg6 46.
Rd5 Rb3+ 47. Ke4 Rb4+ 48. Ke5 Rb2 49. Rd6+ Kh7 50. f3 Rb5+ 51. Rd5 Rb3 52. Kf4
Kh6 53. Rd6+ Kh7 54. Ke4 Rb4+ 55. Rd4 Rb3 56. Rd3 Rb4+ 57. Ke3 Ra4 58. f4 Ra6
59. f5 g6 60. Kf4 Ra4+ 61. Ke5 gxf5 62. Kxf5 Rg4 63. Rf3 Kh6 64. Kf6 Rg7 65.
Ra3 1/2-1/2

[Event "Barbera op"]
[Site "Barbera del Valles"]
[Date "2013.07.05"]
[Round "2"]
[White "Gagare, S."]
[Black "Grigoryan, KH."]
[Result "1/2-1/2"]
[WhiteElo "2419"]
[BlackElo "2550"]
[PlyCount "60"]
[EventDate "2013.??.??"]
[EventType "swiss"]
[EventRounds "9"]

1. c4 Nf6 2. g3 g6 3. Bg2 Bg7 4. Nc3 O-O 5. Nf3 d5 6. cxd5 Nxd5 7. O-O c5 8.
Qb3 Nb6 9. d3 Nc6 10. Be3 Nd4 11. Bxd4 cxd4 12. Na4 Be6 13. Qa3 Nxa4 14. Qxa4
Bd5 15. Rfc1 e5 16. Nd2 Bxg2 17. Kxg2 Bh6 18. Rc2 Qd5+ 19. f3 Bxd2 20. Rxd2
Rfc8 21. Rc2 b5 22. Rxc8+ Rxc8 23. Qxa7 Rc2 24. Kf2 e4 25. dxe4 Qc4 26. Qb8+
Kg7 27. Qe5+ Kg8 28. Qb8+ Kg7 29. Qe5+ Kg8 30. Qb8+ Kg7 1/2-1/2

[Event "Barbera op"]
[Site "Barbera del Valles"]
[Date "2013.07.05"]
[Round "2"]
[White "Gomez Jurado, LA."]
[Black "Sanchez Dengra, JM."]
[Result "1-0"]
[WhiteElo "2273"]
[BlackElo "2134"]
[PlyCount "63"]
[EventDate "2013.??.??"]
[EventType "swiss"]
[EventRounds "9"]

1. c4 c5 2. g3 g6 3. Bg2 Bg7 4. Nc3 Nc6 5. e4 a6 6. Nge2 b5 7. cxb5 axb5 8.
Nxb5 Ba6 9. Nbc3 Nb4 10. Nf4 e5 11. a3 Qa5 12. axb4 Qxa1 13. Nfd5 Rc8 14. b5
Bb7 15. Nb6 Rb8 16. Nba4 d6 17. O-O Ra8 18. b3 Nf6 19. Qc2 c4 20. bxc4 Rxa4 21.
Nxa4 Qd4 22. d3 Qa7 23. Be3 Qb8 24. c5 dxc5 25. Bxc5 Bf8 26. Rc1 Nd7 27. Bh3
Nxc5 28. Nxc5 Bh6 29. Nd7 Qd8 30. Qc5 f5 31. Qxe5+ Kxd7 32. exf5 1-0

[Event "Barbera op"]
[Site "Barbera del Valles"]
[Date "2013.07.05"]
[Round "2"]
[White "Gonzalez Fuente, C."]
[Black "Sayrol Clols, JM."]
[Result "1-0"]
[WhiteElo "2269"]
[BlackElo "2117"]
[PlyCount "69"]
[EventDate "2013.??.??"]
[EventType "swiss"]
[EventRounds "9"]

1. d4 Nf6 2. Nf3 e6 3. Bg5 d5 4. e3 c5 5. Nbd2 Be7 6. c3 b6 7. Bd3 O-O 8. Ne5
Bb7 9. Qe2 Ne4 10. Bxe7 Qxe7 11. Nxe4 dxe4 12. Bc2 f6 13. Nc4 Nd7 14. O-O-O
Rac8 15. dxc5 Nxc5 16. Nd6 Ba6 17. Nxc8 Rxc8 18. Qd2 Bd3 19. Kb1 b5 20. f3 f5
21. Bxd3 Nxd3 22. g4 a5 23. Rhg1 b4 24. cxb4 axb4 25. gxf5 exf5 26. fxe4 fxe4
27. Rg4 Rc4 28. Rdg1 g6 29. h4 Qe5 30. Rg5 Qg7 31. h5 Rc6 32. hxg6 hxg6 33. Qg2
Kf7 34. Rd5 Rc7 35. Rf1+ 1-0

[Event "Barbera op"]
[Site "Barbera del Valles"]
[Date "2013.07.05"]
[Round "2"]
[White "Gutierrez Anso, J."]
[Black "Smith, T."]
[Result "0-1"]
[WhiteElo "2068"]
[BlackElo "2193"]
[PlyCount "90"]
[EventDate "2013.??.??"]
[EventType "swiss"]
[EventRounds "9"]

1. e4 c5 2. Nc3 d6 3. f4 g6 4. Nf3 Bg7 5. Bc4 Nc6 6. d3 e6 7. O-O Nge7 8. Qe1
O-O 9. f5 gxf5 10. Qg3 fxe4 11. dxe4 Ng6 12. h4 Nce5 13. Bg5 f6 14. Nxe5 Nxe5
15. Bh6 Qe7 16. Be2 Bd7 17. Rad1 Rf7 18. Bh5 Kh8 19. Bxf7 Bxh6 20. Bh5 b5 21.
b3 Bc6 22. Bf3 Be3+ 23. Kh1 Bd4 24. Ne2 Nxf3 25. Qxf3 Be5 26. Nf4 f5 27. Qh5
Bxf4 28. Rxf4 Bxe4 29. Rdf1 Qb7 30. Qg5 Rg8 31. Qf6+ Qg7 32. Qxg7+ Kxg7 33. Kh2
Bxc2 34. g4 Rf8 35. a4 b4 36. gxf5 Rxf5 37. Rg1+ Kf6 38. Rfg4 Bxb3 39. Rg7 Rf2+
40. Kh3 Rf3+ 41. Kh2 Rf2+ 42. Kh3 Rf3+ 43. Kh2 Bc2 44. Rxa7 Ra3 45. Rf1+ Ke5
0-1

[Event "Barbera op"]
[Site "Barbera del Valles"]
[Date "2013.07.05"]
[Round "2"]
[White "Iagar, RG."]
[Black "Real Pereyra, DC."]
[Result "1-0"]
[WhiteElo "2190"]
[BlackElo "2076"]
[PlyCount "49"]
[EventDate "2013.??.??"]
[EventType "swiss"]
[EventRounds "9"]

1. d4 Nf6 2. Nf3 g6 3. c4 Bg7 4. Nc3 O-O 5. e4 d6 6. h3 Na6 7. Bg5 Qe8 8. Be2
e5 9. d5 Nc5 10. Nd2 a5 11. b3 Kh8 12. a3 Bd7 13. b4 Na6 14. Qb1 axb4 15. axb4
Ng8 16. Be3 f5 17. f3 f4 18. Bf2 Qe7 19. Ra5 Rfb8 20. c5 dxc5 21. bxc5 c6 22.
Nc4 Qd8 23. Nb6 Bf8 24. Ra2 Ra7 25. Nxd7 1-0

[Event "Barbera op"]
[Site "Barbera del Valles"]
[Date "2013.07.05"]
[Round "2"]
[White "Ivanov, S."]
[Black "Anurag, M."]
[Result "1/2-1/2"]
[WhiteElo "2555"]
[BlackElo "2418"]
[PlyCount "116"]
[EventDate "2013.??.??"]
[EventType "swiss"]
[EventRounds "9"]

1. d4 d5 2. c4 c6 3. cxd5 cxd5 4. Bf4 Nf6 5. Nc3 g6 6. e3 Bg7 7. Bd3 O-O 8. h3
Nc6 9. Nf3 Bf5 10. Bxf5 gxf5 11. O-O Rc8 12. Ne5 Ne4 13. Nxe4 dxe4 14. Qh5 Nxe5
15. Bxe5 Bxe5 16. dxe5 Qd7 17. f3 Rc2 18. fxe4 Kh8 19. Qxf5 Rg8 20. Rf2 Rxf2
21. Qxf2 Qxh3 22. Rf1 Rg5 23. e6 Qxe6 24. Qxf7 Qxf7 25. Rxf7 Re5 26. Rf4 Kg7
27. Kf2 Rc5 28. Kf3 Rc2 29. e5 Rxb2 30. e6 Rxa2 31. Rf7+ Kg6 32. Rxe7 h5 33.
Rxb7 Ra5 34. e7 Kf7 35. g3 a6 36. Ra7 Rf5+ 37. Ke4 Rf6 38. Kd5 Rg6 39. e4 Rxg3
40. Kd6 Rd3+ 41. Ke5 h4 42. Rxa6 Kxe7 43. Rh6 h3 44. Rh7+ Kf8 45. Kf6 Rf3+ 46.
Ke6 Kg8 47. Rh4 Kg7 48. e5 Kg6 49. Kd7 Rd3+ 50. Ke7 Kg5 51. Rh8 Kf4 52. e6 Kg3
53. Kf7 Rf3+ 54. Kg7 h2 55. e7 Re3 56. Kf7 Rxe7+ 57. Kxe7 Kg2 58. Rxh2+ Kxh2
1/2-1/2